Meaningful stuff : (Record no. 608575)

000 -LEADER
fixed length control field 01653cam a2200385 i 4500
001 - CONTROL NUMBER
control field 21549771
003 - CONTROL NUMBER IDENTIFIER
control field NUST
005 - DATE AND TIME OF LATEST TRANSACTION
control field 20240306114914.0
008 - FIXED-LENGTH DATA ELEMENTS--GENERAL INFORMATION
fixed length control field 200602s2021 mau b 001 0 eng
010 ## - LIBRARY OF CONGRESS CONTROL NUMBER
LC control number 2020025447
020 ## - INTERNATIONAL STANDARD BOOK NUMBER
International Standard Book Number 9780262045728
Qualifying information (hardcover)
038 ## - RECORD CONTENT LICENSOR
Staff Name Malang Jan
040 ## - CATALOGING SOURCE
Original cataloging agency DLC
Language of cataloging eng
Description conventions rda
Transcribing agency DLC
Modifying agency DLC
042 ## - AUTHENTICATION CODE
Authentication code pcc
050 00 - LIBRARY OF CONGRESS CALL NUMBER
Classification number TS171.4
Item number .C464 2021
082 00 - DEWEY DECIMAL CLASSIFICATION NUMBER
Classification number 670
Edition number 23
Author Mark CHA
100 1# - MAIN ENTRY--PERSONAL NAME
Personal name Chapman, Jonathan,
Dates associated with a name 1974-
Relator term author.
9 (RLIN) 121891
245 10 - TITLE STATEMENT
Title Meaningful stuff :
Remainder of title design that lasts /
Statement of responsibility, etc. Jonathan Chapman.
264 #1 - PRODUCTION, PUBLICATION, DISTRIBUTION, MANUFACTURE, AND COPYRIGHT NOTICE
Place of production, publication, distribution, manufacture Cambridge, Massachusetts :
Name of producer, publisher, distributor, manufacturer The MIT Press,
Date of production, publication, distribution, manufacture, or copyright notice [2021]
300 ## - PHYSICAL DESCRIPTION
Extent xii, 221 pages ;
Dimensions 22 cm.
336 ## - CONTENT TYPE
Content type term text
Content type code txt
Source rdacontent
337 ## - MEDIA TYPE
Media type term unmediated
Media type code n
Source rdamedia
338 ## - CARRIER TYPE
Carrier type term volume
Carrier type code nc
Source rdacarrier
490 0# - SERIES STATEMENT
Series statement Design thinking, design theory
504 ## - BIBLIOGRAPHY, ETC. NOTE
Bibliography, etc. note Includes bibliographical references (pages 193-212) and index.
505 0# - FORMATTED CONTENTS NOTE
Formatted contents note Making and breaking the world -- Cultures of keeping -- Material matters -- Deeper experiencing -- Ageing spectacularly -- Urban mines -- Design that lasts.
520 ## - SUMMARY, ETC.
Summary, etc. "In a world suffocated by people and things, this book exposes why we throwaway things that still work, and shows how we can design products, services, and experiences that last"--
Assigning source Provided by publisher.
650 #0 - SUBJECT ADDED ENTRY--TOPICAL TERM
Topical term or geographic name entry element Product design.
650 #0 - SUBJECT ADDED ENTRY--TOPICAL TERM
Topical term or geographic name entry element Material culture.
9 (RLIN) 121840
650 #0 - SUBJECT ADDED ENTRY--TOPICAL TERM
Topical term or geographic name entry element Commercial products
General subdivision Psychological aspects.
9 (RLIN) 121892
650 #0 - SUBJECT ADDED ENTRY--TOPICAL TERM
Topical term or geographic name entry element Waste minimization.
9 (RLIN) 6410
906 ## - LOCAL DATA ELEMENT F, LDF (RLIN)
a 7
b cbc
c orignew
d 1
e ecip
f 20
g y-gencatlg
942 ## - ADDED ENTRY ELEMENTS (KOHA)
Source of classification or shelving scheme
Koha item type Book
Holdings
Withdrawn status Lost status Source of classification or shelving scheme Damaged status Not for loan Permanent Location Current Location Date acquired Source of acquisition Total Checkouts Full call number Barcode Date last seen Cost, replacement price Price effective from Koha item type
          School of Art Design and Architecture (SADA) School of Art Design and Architecture (SADA) 06/13/2022 Multiline   670 CHA 2021 SADA0002940 03/06/2024 3326.40 03/06/2024 Book
© 2023 Central Library, National University of Sciences and Technology. All Rights Reserved.